| LEADER | 00972cam a2200217 7i4500 | ||
|---|---|---|---|
| 001 | 0000022326 | ||
| 005 | 20090206090000.0 | ||
| 090 | 0 | 0 | |a M 333.7511025 |b TIM |
| 110 | 2 | 0 | |a The Timber Exporters' Association of Malaysia |
| 245 | 2 | 4 | |a The Timber Exporters' Association of Malaysia directory 2008 - 2010. |
| 260 | 0 | 0 | |a Kuala Lumpur: |b The Timber Exporters' Association of Malaysia, |c 2008. |
| 300 | # | # | |a 109 p. |
| 650 | 0 | 0 | |a Timber -- |z Malaysia |
| 651 | 0 | 0 | |a Malaysia |
| 999 | |a JHR000104H |b Directories |c Malaysia |e MATRADE Southern Regional Office | ||
| 999 | |a 0000023580 |b Directories |c Malaysia |e Business Information Centre | ||
| 999 | |a 0000023683 |b Directories |c Malaysia |e Business Information Centre | ||
| 999 | |a 0000023757 |b Directories |c Malaysia |e Business Information Centre | ||
| 999 | |a PNG000811H |b Directories |c Malaysia |e MATRADE Northern Regional Office | ||
| 999 | |a SBH000780H |b Directories |c Malaysia |e MATRADE Sabah | ||
| 999 | |a SRW000207H |b Directories |c Malaysia |e MATRADE Sarawak | ||